[Event "Sparkassen-Open B"]
[Site "Heusenstamm, Martinsee"]
[Date "2022.11.17"]
[Round "1.25"]
[White "Spelleken, Hans-Gerd"]
[Black "Mammadov, Kamal"]
[Result "0-1"]
[WhiteElo "1678"]
[BlackElo "1481"]
[PlyCount "66"]
[EventDate "2022.??.??"]
[WhiteTeam "SC Kahl"]
[BlackTeam "SC Aschaffenburg"]

1. Nf3 Nf6 2. d4 g6 3. Nbd2 Bg7 4. e4 d6 5. Bc4 O-O 6. c3 Nxe4 7. Bxf7+ Rxf7 8.
Nxe4 d5 9. Neg5 Rf8 10. h4 h6 11. Nh3 Nc6 12. Nf4 Qd6 13. g3 Bg4 14. Qd3 e5 15.
Nxe5 Nxe5 16. dxe5 Qxe5+ 17. Be3 Bf5 18. Qd2 Qe4 19. O-O c6 20. f3 Qe8 21. g4
Bd7 22. Bc5 Rf6 23. Rae1 Qb8 24. Re7 b6 25. Bd4 Rf7 26. Nxg6 Bxd4+ 27. cxd4
Rxe7 28. Nxe7+ Kf7 29. Qe2 Qd6 30. Nf5 Bxf5 31. gxf5 Rg8+ 32. Kf2 Qh2+ 33. Ke3
Re8+ 0-1

[Event "Sparkassen-Open B"]
[Site "Heusenstamm, Martinsee"]
[Date "2022.11.17"]
[Round "1.26"]
[White "Özyar, Arin"]
[Black "Gold, Jan Christian"]
[Result "0-1"]
[WhiteElo "1353"]
[BlackElo "1564"]
[PlyCount "50"]
[EventDate "2022.??.??"]
[WhiteTeam "SC Bad Soden"]
[BlackTeam "SK Bad Homburg 1927"]

1. d4 Nf6 2. Bf4 e6 3. Nc3 Bb4 4. e3 O-O 5. Bd3 b6 6. Nge2 Bb7 7. a3 Bxc3+ 8.
Nxc3 d6 9. h4 c5 10. dxc5 bxc5 11. Rg1 d5 12. Nb5 Nc6 13. c3 e5 14. Bh2 a6 15.
g4 axb5 16. g5 Ne8 17. h5 e4 18. Bxb5 Nc7 19. Bxc6 Bxc6 20. g6 fxg6 21. hxg6 h6
22. Qh5 Ba4 23. Rh1 Ne6 24. b3 Bxb3 25. Rb1 c4 0-1

[Event "Sparkassen-Open B"]
[Site "Heusenstamm, Martinsee"]
[Date "2022.11.17"]
[Round "1.27"]
[White "Drewes, Thomas"]
[Black "Gärtner, Johannes"]
[Result "1/2-1/2"]
[WhiteElo "1676"]
[BlackElo "1402"]
[PlyCount "52"]
[EventDate "2022.??.??"]
[WhiteTeam "SV Würzburg von 1865"]
[BlackTeam "Sfr.Mainz 1928"]

1. d4 Nf6 2. Nf3 e6 3. c4 d5 4. e3 Be7 5. Nc3 O-O 6. Bd3 c5 7. cxd5 cxd4 8.
exd4 Nxd5 9. O-O Nc6 10. a3 Bf6 11. Be3 Nxe3 12. fxe3 b6 13. Rc1 Bb7 14. Ne4
Be7 15. Qe2 f5 16. Nc3 Qd7 17. Bb5 a6 18. Ne5 Qe8 19. Bxc6 Bxc6 20. Nxc6 Qxc6
21. Rf3 Qd7 22. Rcf1 b5 23. Rh3 h6 24. Qh5 Bg5 25. Qe2 Rae8 26. Rhf3 Qd6
1/2-1/2

[Event "Sparkassen-Open B"]
[Site "Heusenstamm, Martinsee"]
[Date "2022.11.17"]
[Round "1.28"]
[White "Repac, Nicola"]
[Black "Nichols, Uwe"]
[Result "1-0"]
[WhiteElo "1457"]
[BlackElo "1673"]
[PlyCount "101"]
[EventDate "2022.??.??"]
[WhiteTeam "SV KS 1929 Großauheim"]
[BlackTeam "SV Oberursel"]

1. e4 c5 2. Nf3 Nc6 3. d4 cxd4 4. Nxd4 d6 5. Nc3 e6 6. Bc4 a6 7. Be3 g6 8. Qd2
Bg7 9. O-O-O Na5 10. Bd3 Ne7 11. f4 O-O 12. h4 e5 13. fxe5 dxe5 14. Nf3 Bg4 15.
Bh6 f5 16. Bxg7 Kxg7 17. h5 f4 18. hxg6 Nxg6 19. Rh2 Rc8 20. Rdh1 h5 21. Rxh5
Bxh5 22. Rxh5 Rh8 23. Ng5 Qb6 24. Qe2 Rxh5 25. Qxh5 Rh8 26. Qg4 Rh1+ 27. Nd1
Qe3+ 28. Kb1 Rxd1+ 29. Qxd1 Qg3 30. Ne6+ Kf6 31. b4 Nc6 32. Bc4 Nd4 33. Nxd4
exd4 34. Qxd4+ Kg5 35. Qd8+ Kh6 36. e5 Qe1+ 37. Kb2 Qxb4+ 38. Bb3 Nxe5 39. Qh8+
Kg5 40. Qxe5+ Kg4 41. c3 Qb6 42. Qg7+ Kf5 43. Qf7+ Ke5 44. Qh5+ Ke4 45. Qd5+
Ke3 46. Kc2 Qg6+ 47. Kc1 Kf2 48. Qf3+ Kg1 49. Bd5 b6 50. g4 a5 51. Qg2# 1-0

[Event "Sparkassen-Open B"]
[Site "Heusenstamm, Martinsee"]
[Date "2022.11.17"]
[Round "1.29"]
[White "Michalski, Uwe"]
[Black "Schmidt, Moritz"]
[Result "1-0"]
[WhiteElo "1671"]
[BlackElo "1442"]
[PlyCount "47"]
[EventDate "2022.??.??"]
[WhiteTeam "Sfr.Mainz 1928"]
[BlackTeam "SVG 1920 Plettenberg"]

1. e4 c6 2. d4 d5 3. e5 Bf5 4. h4 h5 5. Bd3 Bxd3 6. Qxd3 e6 7. Nf3 c5 8. Nc3
Nc6 9. Be3 Nge7 10. dxc5 Nf5 11. O-O-O Qc7 12. Nxd5 exd5 13. Qxf5 g6 14. Qf6
Rg8 15. e6 fxe6 16. Qxe6+ Ne7 17. Rxd5 g5 18. Nxg5 Rg7 19. Rhd1 a6 20. Kb1 Rb8
21. Bd4 Rd8 22. Bxg7 Rxd5 23. Rxd5 Qf4 24. Qd7# 1-0

[Event "Sparkassen-Open B"]
[Site "Heusenstamm, Martinsee"]
[Date "2022.11.17"]
[Round "1.30"]
[White "Tobias, Christian"]
[Black "Wibmer, Michael"]
[Result "0-1"]
[WhiteElo "1434"]
[BlackElo "1670"]
[PlyCount "44"]
[EventDate "2022.??.??"]
[WhiteTeam "SV Oberursel"]
[BlackTeam "SV Gifhorn"]

1. e4 c5 2. c3 d6 3. d4 cxd4 4. cxd4 Nf6 5. Nc3 g6 6. Nf3 Bg7 7. Be2 O-O 8. O-O
Nbd7 9. Bd2 Nb6 10. Rc1 Be6 11. b3 Rc8 12. Re1 Bd7 13. Be3 e6 14. h3 Bc6 15. e5
Nfd5 16. Qd2 Nxe3 17. Qxe3 Qe7 18. Nb5 Nd5 19. exd6 Qd7 20. Qd3 Nf4 21. Qd2
Nxe2+ 22. Rxe2 Bxb5 0-1

[Event "Sparkassen-Open B"]
[Site "Heusenstamm, Martinsee"]
[Date "2022.11.17"]
[Round "1.31"]
[White "Reitz, Helmut"]
[Black "Pichl, Johann"]
[Result "1-0"]
[WhiteElo "1656"]
[BlackElo "1414"]
[PlyCount "75"]
[EventDate "2022.??.??"]
[WhiteTeam "SV Würzburg von 1865"]
[BlackTeam "SK Bad Homburg 1927"]

1. d4 d5 2. Nf3 e6 3. e3 Nf6 4. Bd3 Be7 5. Nbd2 c5 6. c3 Nc6 7. O-O O-O 8. Qe2
cxd4 9. exd4 a6 10. Re1 b5 11. Nf1 Bb7 12. Ng3 Qc7 13. Ne5 Bd6 14. Bg5 Nd7 15.
Nxd7 Qxd7 16. Qh5 g6 17. Qh6 Be7 18. Bxe7 Qxe7 19. Nh5 f5 20. Rxe6 Qf7 21. Nf4
Rfe8 22. Rae1 Rxe6 23. Rxe6 Re8 24. Rxe8+ Qxe8 25. Nxd5 Qf7 26. Nf4 Qe7 27. h4
Qg7 28. Qxg7+ Kxg7 29. Ne6+ Kf6 30. Nc5 Bc8 31. b3 h6 32. f4 b4 33. d5 Ne7 34.
d6 Ng8 35. d7 Bxd7 36. Nxd7+ Ke7 37. Nb6 bxc3 38. Nd5+ 1-0

[Event "Sparkassen-Open B"]
[Site "Heusenstamm, Martinsee"]
[Date "2022.11.17"]
[Round "1.32"]
[White "Carvelli, Nicolas"]
[Black "Raghavan, Badrinarayanan"]
[Result "0-1"]
[WhiteElo "1412"]
[BlackElo "1667"]
[PlyCount "118"]
[EventDate "2022.??.??"]
[WhiteTeam "SF Seligenstadt"]
[BlackTeam "SK 1858 Gießen"]

1. b3 Nf6 2. Bb2 d6 3. e3 c5 4. c4 e5 5. g3 Nc6 6. Bg2 Bg4 7. Ne2 Qd7 8. O-O
Bh3 9. Nbc3 Bxg2 10. Kxg2 d5 11. cxd5 Nxd5 12. d4 Nxc3 13. Bxc3 cxd4 14. exd4
Qd5+ 15. Kg1 O-O-O 16. dxe5 Qe4 17. Qe1 Ba3 18. Nf4 Qc2 19. Ba5 b6 20. Qc3 Qxc3
21. Bxc3 Rhe8 22. Rfe1 g5 23. Ng2 Rd3 24. Re3 Red8 25. Rae1 Rxe3 26. Nxe3 Rd3
27. Nc4 Bc5 28. Rc1 Kd7 29. Kg2 g4 30. Rc2 Ke6 31. Bb2 Nb4 32. Re2 Nxa2 33. Nd2
Nb4 34. Ne4 Be7 35. Nc3 Nc6 36. Nb5 Rxb3 37. Nc3 a5 38. Nd1 Bc5 39. Nc3 Bd4 40.
Na4 Rb4 41. Nc3 Rc4 42. Nd1 b5 43. Ne3 Rb4 44. Ba3 Rb3 45. Bc1 h5 46. Rc2 Nxe5
47. Rc8 Rb1 48. Bd2 b4 49. Ra8 Rb2 50. Bc1 Ra2 51. Rb8 Nd3 52. Rc8 Nxc1 53.
Rxc1 Bxe3 54. Re1 Rxf2+ 55. Kh1 Rf3 56. Ra1 Rf5 57. Re1 Re5 58. Rb1 Bd2 59. Ra1
Re1+ 0-1

[Event "Sparkassen-Open B"]
[Site "Heusenstamm, Martinsee"]
[Date "2022.11.17"]
[Round "1.33"]
[White "Schneider, Udo"]
[Black "Vick, Edward"]
[Result "1-0"]
[WhiteElo "1667"]
[BlackElo "1222"]
[PlyCount "65"]
[EventDate "2022.??.??"]
[WhiteTeam "SK Marburg 1931/72"]
[BlackTeam "TuS Makkabi Wiesbaden"]

1. d4 d5 2. Nf3 Nf6 3. c4 e6 4. e3 c5 5. a3 a5 6. Nc3 Bd7 7. Ne5 cxd4 8. exd4
Nc6 9. Bg5 Be7 10. cxd5 Nxd5 11. Bxe7 Qxe7 12. Nxd7 Qxd7 13. Bb5 Qc7 14. Nxd5
exd5 15. O-O O-O 16. Rc1 Qb6 17. Rc5 Rfd8 18. Qd2 Rd6 19. Rfc1 a4 20. Qc3 Re8
21. Bxa4 g6 22. g3 Rc8 23. b4 Qa6 24. Bb5 Qa8 25. a4 Rc7 26. a5 Qc8 27. a6 b6
28. Rxc6 Rdxc6 29. Bxc6 Qxa6 30. b5 Qa2 31. Qe3 f6 32. Bxd5+ Qxd5 33. Rxc7 1-0

[Event "Sparkassen-Open B"]
[Site "Heusenstamm, Martinsee"]
[Date "2022.11.17"]
[Round "1.34"]
[White "Papadopoulos, Leon"]
[Black "Haas, Vanessa"]
[Result "1-0"]
[WhiteElo "1399"]
[BlackElo "1666"]
[PlyCount "125"]
[EventDate "2022.??.??"]
[WhiteTeam "SV Oberursel"]
[BlackTeam "SC FK Babenhausen 1994"]

1. e4 d5 2. exd5 Qxd5 3. Nc3 Qa5 4. d4 c6 5. Nf3 Bf5 6. Bd3 Bg6 7. Ne5 Nf6 8.
Nxg6 hxg6 9. Bd2 Qc7 10. h3 e6 11. Qe2 Be7 12. O-O-O Nbd7 13. Rde1 O-O-O 14.
Ne4 Nb6 15. Ng5 Bd6 16. Bxg6 fxg6 17. Nxe6 Qf7 18. Nxd8 Rxd8 19. Qe6+ Qxe6 20.
Rxe6 Nbd5 21. c4 Nf4 22. Rxd6 Rxd6 23. Bxf4 Rxd4 24. Be3 Rxc4+ 25. Kb1 b6 26.
Rc1 Rxc1+ 27. Kxc1 Kd7 28. Kc2 Ke6 29. Kd3 Nd5 30. a3 Nf6 31. Kd4 Ne8 32. Bf4
Nf6 33. b4 Nd5 34. Bb8 a6 35. g4 Nf6 36. Bc7 Nd5 37. Bb8 Nf6 38. f4 Nd7 39. Be5
Nf6 40. g5 Ne8 41. Ke4 Nd6+ 42. Kd3 Nf5 43. Bc7 b5 44. Ke4 Kd7 45. Be5 Ke6 46.
h4 Kd7 47. Bc3 Ng3+ 48. Ke5 Ne2 49. Be1 Nc1 50. Ke4 Ke6 51. Bc3 Kf7 52. f5
gxf5+ 53. Kxf5 Ne2 54. g6+ Kf8 55. Bb2 Ng3+ 56. Ke6 Nh5 57. Kd6 Nf4 58. h5 Nxh5
59. Be5 Nf6 60. Kxc6 Ng4 61. Bd4 Nf6 62. Kb6 Ke8 63. Kxa6 1-0

[Event "Sparkassen-Open B"]
[Site "Heusenstamm, Martinsee"]
[Date "2022.11.17"]
[Round "1.35"]
[White "Müller, Riyanna"]
[Black "Homfeldt, Maren"]
[Result "1-0"]
[WhiteElo "1475"]
[BlackElo "1104"]
[PlyCount "55"]
[EventDate "2022.??.??"]
[WhiteTeam "SC Landskrone"]
[BlackTeam "SC Noris-Tarrasch Nürnberg"]

1. e4 b6 2. d4 Bb7 3. Nc3 Nf6 4. Bd3 d5 5. e5 Ne4 6. Nge2 e6 7. O-O f5 8. exf6
Qxf6 9. Bxe4 dxe4 10. Ng3 Qh4 11. Re1 Bb4 12. Ngxe4 Bxc3 13. Bg5 Qxg5 14. Nxg5
Bxe1 15. Qxe1 Bd5 16. Nxe6 Kd7 17. Nxg7 Nc6 18. Rc1 Rhg8 19. c4 Rae8 20. Nxe8
Rxg2+ 21. Kf1 Bf3 22. Nf6+ Kc8 23. Rc3 Nxd4 24. Rxf3 Nxf3 25. Qe8+ Kb7 26. Kxg2
Nh4+ 27. Kf1 Nf5 28. Qe4+ 1-0

[Event "Sparkassen-Open B"]
[Site "Heusenstamm, Martinsee"]
[Date "2022.11.17"]
[Round "1.36"]
[White "Lasschuit, Rene"]
[Black "Jansen, Malte"]
[Result "0-1"]
[WhiteElo "1660"]
[BlackElo "1396"]
[PlyCount "68"]
[EventDate "2022.??.??"]
[WhiteTeam "SV Berolina Mitte"]
[BlackTeam "SJ Herborn 1998"]

1. Nf3 Nc6 2. d4 d5 3. g3 Bf5 4. Bg2 Nf6 5. O-O e6 6. Bf4 Be7 7. Nc3 O-O 8. Rc1
Rc8 9. Nh4 Bg6 10. Nxg6 hxg6 11. Qd3 Bd6 12. Bg5 Qd7 13. Rfd1 Ne7 14. Nb5 c6
15. Nxd6 Qxd6 16. Qb3 Qd7 17. Qb4 Nf5 18. Rd3 Nd6 19. b3 Nfe4 20. Be3 b6 21.
Qa4 Rc7 22. c4 b5 23. cxb5 cxb5 24. Rxc7 Qxc7 25. Qa6 Rb8 26. Bf4 Rb6 27. Qa3
g5 28. Bxd6 Nxd6 29. Qb2 Rc6 30. Qd2 f6 31. Qe3 Nf5 32. Qf3 Rc1+ 33. Bf1 Qc2
34. e4 g4 0-1

[Event "Sparkassen-Open B"]
[Site "Heusenstamm, Martinsee"]
[Date "2022.11.17"]
[Round "1.37"]
[White "Heller, Holger"]
[Black "Schmitz, Bernhard Hubert"]
[Result "1/2-1/2"]
[WhiteElo "1648"]
[BlackElo "1375"]
[PlyCount "50"]
[EventDate "2022.??.??"]
[WhiteTeam "TuS Dotzheim"]
[BlackTeam "Vorw.Orient Mainz"]

1. d4 Nf6 2. c4 e6 3. Nc3 b6 4. Nf3 Bb7 5. Bg5 Be7 6. e3 O-O 7. Bd3 h6 8. Bh4
d5 9. O-O Nbd7 10. cxd5 Nxd5 11. Bxe7 Qxe7 12. Nxd5 Bxd5 13. Re1 Bb7 14. Rc1
Rac8 15. Qe2 c5 16. Ba6 Rc7 17. Bxb7 Rxb7 18. Rc2 Rc7 19. Rec1 Rfc8 20. b4 Qd6
21. bxc5 bxc5 22. h3 cxd4 23. Nxd4 Rxc2 24. Rxc2 Rxc2 25. Qxc2 Qb6 1/2-1/2

[Event "Sparkassen-Open B"]
[Site "Heusenstamm, Martinsee"]
[Date "2022.11.17"]
[Round "1.38"]
[White "Karres, David Tobias"]
[Black "Niedenthal, Robert"]
[Result "1-0"]
[WhiteElo "1370"]
[BlackElo "1644"]
[PlyCount "93"]
[EventDate "2022.??.??"]
[WhiteTeam "SF Heidelberg"]
[BlackTeam "SV 1920 Hofheim"]

1. e4 g6 2. d4 Bg7 3. e5 e6 4. Nc3 Ne7 5. Bg5 O-O 6. Qd2 Qe8 7. Ne4 Nd5 8. c4
f5 9. cxd5 fxe4 10. dxe6 Qxe6 11. Qc2 Qf5 12. Bc4+ Kh8 13. Nh3 Nc6 14. Be3 Na5
15. Bd5 c6 16. Bxe4 Qf7 17. Ng5 Qc4 18. Qd3 Qxd3 19. Bxd3 b5 20. b4 Nc4 21.
Bxc4 bxc4 22. O-O h6 23. Ne4 a5 24. bxa5 Rxa5 25. Rfc1 d5 26. exd6 Be6 27. Nc5
Rxc5 28. dxc5 Bxa1 29. Rxa1 Bf5 30. a4 Kg7 31. a5 Rf7 32. a6 Ra7 33. Kf1 h5 34.
Ke1 Kf7 35. Kd2 Ke8 36. Kc3 Kd7 37. Kb4 Kc8 38. Ka5 Kb8 39. Kb6 Bd7 40. Bd4 Ka8
41. Re1 Kb8 42. Re7 Ka8 43. Rg7 Kb8 44. Rg8+ Bc8 45. Rxc8+ Kxc8 46. Kxa7 g5 47.
Kb6 1-0

[Event "Sparkassen-Open B"]
[Site "Heusenstamm, Martinsee"]
[Date "2022.11.17"]
[Round "1.39"]
[White "Pichl, Christoph"]
[Black "Keller, Erik"]
[Result "1-0"]
[WhiteElo "1643"]
[BlackElo "1362"]
[PlyCount "105"]
[EventDate "2022.??.??"]
[WhiteTeam "SK Bad Homburg 1927"]
[BlackTeam "SC Heusenstamm"]

1. d4 Nf6 2. c4 d6 3. Nc3 Nbd7 4. e4 e5 5. Nf3 exd4 6. Nxd4 Nc5 7. f3 a5 8. Be3
g6 9. Be2 Bg7 10. O-O O-O 11. Qc2 Re8 12. Rad1 Bd7 13. Ndb5 Bxb5 14. Nxb5 Qe7
15. Bf2 Rad8 16. Rfe1 c6 17. Nc3 Rd7 18. Na4 Rdd8 19. Nxc5 dxc5 20. Bd3 Nd7 21.
f4 Bd4 22. e5 Bxf2+ 23. Qxf2 Nf8 24. f5 gxf5 25. Qxf5 Ng6 26. Re3 Qf8 27. Rde1
Qg7 28. Rg3 Rd4 29. e6 fxe6 30. Rxe6 Rxe6 31. Qxe6+ Qf7 32. Qxf7+ Kxf7 33.
Bxg6+ hxg6 34. Rf3+ Ke6 35. Rb3 Rxc4 36. Rxb7 Rb4 37. Rxb4 cxb4 38. Kf2 Ke5 39.
Ke3 c5 40. b3 Kd5 41. Kd3 a4 42. h4 axb3 43. axb3 Ke5 44. g4 Kf4 45. h5 gxh5
46. gxh5 Kg5 47. Kc4 Kxh5 48. Kxc5 Kg6 49. Kxb4 Kf7 50. Kc5 Ke7 51. Kc6 Kd8 52.
Kb7 Kd7 53. b4 1-0

[Event "Sparkassen-Open B"]
[Site "Heusenstamm, Martinsee"]
[Date "2022.11.17"]
[Round "1.40"]
[White "Pradeep, Harshill"]
[Black "Belin, Anton"]
[Result "1-0"]
[WhiteElo "1320"]
[BlackElo "1495"]
[PlyCount "99"]
[EventDate "2022.??.??"]
[WhiteTeam "SK Bickenbach"]
[BlackTeam "SK Bad Homburg 1927"]

1. e4 c5 2. Nf3 d6 3. c3 Nf6 4. Be2 Nc6 5. d4 Nxe4 6. d5 Nf6 7. dxc6 bxc6 8.
O-O g6 9. Qc2 Bg7 10. Rd1 O-O 11. Be3 Nd5 12. Bg5 Be6 13. a3 a5 14. c4 Nb6 15.
Nbd2 Rb8 16. Ne4 Bf5 17. Nh4 Bxe4 18. Qxe4 Bxb2 19. Ra2 d5 20. Qe3 Bd4 21. Qg3
dxc4 22. Nf5 f6 23. Bh6 Re8 24. Bh5 Be5 25. Qg4 Na4 26. Rxd8 Rexd8 27. g3 Kh8
28. Bg7+ Kg8 29. Qxc4+ Rd5 30. Nxe7+ Kxg7 31. Nxd5 cxd5 32. Qxa4 gxh5 33. Qxa5
c4 34. Re2 c3 35. Rxe5 fxe5 36. Qc7+ Kf6 37. Qxb8 d4 38. f4 exf4 39. Qxf4+ Ke6
40. Qxd4 c2 41. Qe4+ Kd6 42. Qxc2 h4 43. gxh4 h5 44. a4 Kd5 45. a5 Kd6 46. a6
Ke5 47. a7 Kf4 48. a8=R Kg4 49. Qe4+ Kh3 50. Ra3# 1-0

[Event "Sparkassen-Open B"]
[Site "Heusenstamm, Martinsee"]
[Date "2022.11.17"]
[Round "1.41"]
[White "Kessler, Georg"]
[Black "Niesel, Sebastian"]
[Result "1-0"]
[WhiteElo "1627"]
[BlackElo "1312"]
[PlyCount "93"]
[EventDate "2022.??.??"]
[WhiteTeam "SC Sulzbach-Rosenberg"]
[BlackTeam "SV 1934 Ffm-Griesheim"]

1. Nf3 d5 2. c4 c6 3. d4 Nf6 4. Nc3 e6 5. Bg5 h6 6. Bh4 Bd6 7. c5 Bc7 8. e3 b6
9. b4 bxc5 10. bxc5 Ba6 11. Bxa6 Nxa6 12. O-O Nb8 13. Qa4 g5 14. Bg3 Rg8 15.
Ne5 Bxe5 16. Bxe5 Nfd7 17. Bd6 h5 18. Rab1 h4 19. Rb7 a5 20. Rfb1 Qc8 21. e4
dxe4 22. Nxe4 Rg6 23. Bxb8 Qxb8 24. Rxb8+ Nxb8 25. Rb7 Kf8 26. Qb3 Nd7 27. Rxd7
Kg7 28. Qb7 Rf8 29. Nd6 Rf6 30. Qxc6 Rb8 31. Rb7 Rf8 32. Ne8+ Rxe8 33. Qxe8 Kg6
34. Qg8+ Kf5 35. Rxf7 Rxf7 36. Qxf7+ Ke4 37. Qxe6+ Kxd4 38. c6 g4 39. c7 g3 40.
fxg3 hxg3 41. h3 a4 42. c8=Q a3 43. Qcd7+ Kc3 44. Qec6+ Kb2 45. Qdb7+ Kxa2 46.
Qc2+ Ka1 47. Qbb1# 1-0

[Event "Sparkassen-Open B"]
[Site "Heusenstamm, Martinsee"]
[Date "2022.11.17"]
[Round "1.42"]
[White "Matsoukas, Konstantinos"]
[Black "Friedel, Thomas"]
[Result "1-0"]
[WhiteElo "1108"]
[BlackElo "1622"]
[PlyCount "45"]
[EventDate "2022.??.??"]
[WhiteTeam "Frankfurter TV 1860"]
[BlackTeam "SV Groß-Gerau"]

1. e4 e5 2. Nf3 d6 3. d4 Nf6 4. Nc3 Nbd7 5. Be3 Be7 6. Bc4 O-O 7. O-O c6 8. Bb3
Qc7 9. Re1 b6 10. h3 Bb7 11. Qd3 h6 12. Rad1 exd4 13. Bxd4 Ne5 14. Bxe5 dxe5
15. Qc4 a6 16. a4 Rac8 17. Nh4 c5 18. Ng6 Rfe8 19. Qxf7+ Kh7 20. Be6 Rcd8 21.
Rxd8 Rxd8 22. Nxe7 Re8 23. Bf5+ 1-0

[Event "Sparkassen-Open B"]
[Site "Heusenstamm, Martinsee"]
[Date "2022.11.17"]
[Round "1.43"]
[White "Althaus, Lennart"]
[Black "Neumeier, Marie-Theres"]
[Result "1-0"]
[WhiteElo "1600"]
[BlackElo "1075"]
[PlyCount "45"]
[EventDate "2022.??.??"]
[WhiteTeam "TV-Großostheim"]
[BlackTeam "TV 1899 Parsberg"]

1. c4 e5 2. Nc3 Bb4 3. g3 Nc6 4. Bg2 Nf6 5. d3 O-O 6. Bd2 d6 7. e3 Re8 8. Nge2
Bc5 9. O-O Rb8 10. a3 Bg4 11. Re1 Qd7 12. Rc1 Bh3 13. Bh1 Ng4 14. b4 Qf5 15.
Ne4 Bb6 16. N2c3 Re6 17. Qe2 Nf6 18. Nxf6+ Rxf6 19. Nd5 Re6 20. Bf3 Kf8 21. b5
Ne7 22. e4 Qg6 23. Bh5 1-0

[Event "Sparkassen-Open B"]
[Site "Heusenstamm, Martinsee"]
[Date "2022.11.17"]
[Round "1.44"]
[White "Hofmann, André"]
[Black "König, Frank"]
[Result "1/2-1/2"]
[WhiteElo "1254"]
[BlackElo "1615"]
[PlyCount "89"]
[EventDate "2022.??.??"]
[WhiteTeam "Düsseldorfer SV 1854"]
[BlackTeam "SV Steinhausen"]

1. d4 g6 2. Nf3 Bg7 3. c4 d6 4. Bf4 Nd7 5. e3 c5 6. Nbd2 Ngf6 7. Bd3 O-O 8. h3
Re8 9. O-O e5 10. Bg5 Qb6 11. Qc2 Nf8 12. Ne4 Nxe4 13. Bxe4 Ne6 14. d5 Nxg5 15.
Nxg5 h6 16. Nxf7 Kxf7 17. Bxg6+ Kf8 18. Bxe8 Kxe8 19. Qg6+ Kf8 20. e4 Bd7 21.
f4 Be8 22. fxe5+ Kg8 23. Qe6+ Kh7 24. exd6 Qxb2 25. d7 Bg6 26. Qe7 Qd2 27. Kh1
Qa5 28. Rae1 Qd8 29. Qxc5 Qxd7 30. e5 b6 31. Qb4 Qd8 32. e6 Qh4 33. Rd1 Be4 34.
Kg1 Qg5 35. Qd2 Qg6 36. Rf7 Kg8 37. g4 Rc8 38. Rxa7 Rxc4 39. Ra8+ Kh7 40. Ra7
Rc2 41. Qf4 Rc4 42. Qf7 Qg5 43. Re1 Qe5 44. Qf2 Qxd5 45. Rxg7+ 1/2-1/2

[Event "Sparkassen-Open B"]
[Site "Heusenstamm, Martinsee"]
[Date "2022.11.17"]
[Round "1.45"]
[White "Peng, Jay Jiaxi"]
[Black "Niesel, Markus"]
[Result "1/2-1/2"]
[WhiteElo "1612"]
[BlackElo "1245"]
[PlyCount "102"]
[EventDate "2022.??.??"]
[WhiteTeam "SV Oberursel"]
[BlackTeam "SV 1934 Ffm-Griesheim"]

1. e4 e5 2. Bc4 Nc6 3. f4 f6 4. Nc3 Bc5 5. fxe5 fxe5 6. Qh5+ g6 7. Qf3 Qe7 8.
Nge2 Nf6 9. d3 d6 10. Bg5 Rf8 11. Nd5 Bg4 12. Qf1 Qd8 13. Nxf6+ Rxf6 14. Bxf6
Qd7 15. Bg5 Rb8 16. Qf6 Qe7 17. Qh8+ Kd7 18. Qxb8 Qxg5 19. Qf8 Bxe2 20. Qf7+
Ne7 21. Kxe2 Qxg2+ 22. Ke1 Qxh1+ 23. Qf1 Qxh2 24. Rc1 Be3 25. Rd1 Qxc2 26. Qe2
Qxe2+ 27. Kxe2 Bd4 28. b3 c6 29. Rh1 h5 30. Bf7 b5 31. Rf1 d5 32. Rf6 dxe4 33.
dxe4 a5 34. Bxg6 h4 35. Bf5+ Nxf5 36. Rxf5 c5 37. Rh5 c4 38. Rxh4 Kc6 39. Rh6+
Kc5 40. Ra6 Kb4 41. bxc4 bxc4 42. Kd2 a4 43. Kc2 c3 44. Ra8 Ka3 45. Kb1 Kb4 46.
Kc1 Ka3 47. Rb8 Kxa2 48. Kc2 Ka3 49. Rb1 Ka2 50. Rb5 Ka3 51. Kb1 Be3 1/2-1/2

[Event "Sparkassen-Open B"]
[Site "Heusenstamm, Martinsee"]
[Date "2022.11.17"]
[Round "1.46"]
[White "Barth, Horst"]
[Black "Englert, Lin"]
[Result "0-1"]
[WhiteElo "1244"]
[BlackElo "1466"]
[PlyCount "72"]
[EventDate "2022.??.??"]
[WhiteTeam "Sfr.Mainz 1928"]
[BlackTeam "TV-Großostheim"]

1. d4 d5 2. c4 c6 3. Nc3 Nf6 4. Bf4 e6 5. Nf3 Nbd7 6. e3 Be7 7. Bd3 dxc4 8.
Bxc4 O-O 9. a3 Re8 10. O-O Nh5 11. Bg3 Nxg3 12. hxg3 Nf6 13. Ne5 Bd6 14. Kh2
Bxe5 15. dxe5 Qxd1 16. Raxd1 Ng4+ 17. Kg1 Nxe5 18. Be2 Ng6 19. Rd2 e5 20. Rfd1
Be6 21. Rd6 Ne7 22. Ne4 Bd5 23. Nc3 Rad8 24. Rxd8 Rxd8 25. e4 a6 26. exd5 cxd5
27. Nxd5 Rxd5 28. Rxd5 Nxd5 29. Bf3 Nb6 30. Bxb7 a5 31. b3 Kf8 32. Kf1 Ke7 33.
f4 Kd6 34. Ke2 Nd7 35. Kd3 Nc5+ 36. Kc4 Nxb7 0-1

[Event "Sparkassen-Open B"]
[Site "Heusenstamm, Martinsee"]
[Date "2022.11.17"]
[Round "1.47"]
[White "Sitta, Stefan"]
[Black "Heidtkamp, Anna"]
[Result "1/2-1/2"]
[WhiteElo "1611"]
[BlackElo "1157"]
[PlyCount "54"]
[EventDate "2022.??.??"]
[WhiteTeam "Sfr Stiller Zug Wiesbaden"]
[BlackTeam "Düsseldorfer SV 1854"]

1. e4 e5 2. Nf3 Nc6 3. Bc4 Bc5 4. c3 Nf6 5. d3 d6 6. h3 h6 7. O-O Be6 8. Bb3
O-O 9. Re1 Re8 10. Bc2 d5 11. exd5 Bxd5 12. b4 Bb6 13. b5 Bxf3 14. Qxf3 Na5 15.
a4 Rb8 16. Ba3 Qd5 17. Qxd5 Nxd5 18. c4 Bd4 19. Ra2 Nc3 20. Nxc3 Bxc3 21. Re3
f6 22. Bd1 Kh7 23. Bb2 Bd4 24. Bxd4 exd4 25. Rxe8 Rxe8 26. Kf1 Kg6 27. Bf3 b6
1/2-1/2

[Event "Sparkassen-Open B"]
[Site "Heusenstamm, Martinsee"]
[Date "2022.11.17"]
[Round "1.48"]
[White "Lorenz sr., Alexander"]
[Black "Fernandez Garcia, Alfonso Javier"]
[Result "0-1"]
[WhiteElo "1236"]
[BlackElo "1610"]
[PlyCount "136"]
[EventDate "2022.??.??"]
[WhiteTeam "SV Bergwinkel"]
[BlackTeam "SV 1926 Neu-Isenburg"]

1. e4 e6 2. Nf3 d5 3. exd5 exd5 4. d4 Nf6 5. Nc3 c6 6. Bd3 Bd6 7. O-O O-O 8.
Bg5 Bg4 9. h3 Be6 10. Re1 Nbd7 11. Qd2 Qc7 12. Ne2 Ne4 13. Qe3 Rae8 14. Bf4
Ndf6 15. Bxd6 Qxd6 16. Ne5 c5 17. f3 cxd4 18. Qxd4 Nc5 19. Nf4 Nxd3 20. Nfxd3
b6 21. c4 Qc7 22. c5 bxc5 23. Qxc5 Qb7 24. Qc6 Qb8 25. b3 Rc8 26. Qa4 Rc2 27.
Nc6 Qb6+ 28. Nd4 Rd2 29. Red1 Rxd1+ 30. Rxd1 Rc8 31. Qb4 Qa6 32. a4 Nd7 33. Qb5
Qd6 34. Qb7 Nc5 35. Qb4 Qb6 36. Qxb6 axb6 37. Nxc5 Rxc5 38. Kf2 Rc3 39. Ke2 Bd7
40. Rd3 Rc5 41. Kd2 b5 42. a5 b4 43. Nc2 Bf5 44. Nxb4 Bxd3 45. Kxd3 Rxa5 46.
Kc3 Rb5 47. Nc2 Ra5 48. Kd3 Kf8 49. b4 Rb5 50. Kc3 Ke7 51. Nd4 Rb7 52. b5 Kd7
53. Kb4 Rc7 54. Nc6 Rxc6 55. bxc6+ Kxc6 56. Kc3 Kc5 57. g3 d4+ 58. Kd3 Kd5 59.
f4 f6 60. g4 g6 61. h4 h6 62. g5 hxg5 63. fxg5 fxg5 64. hxg5 Ke5 65. Kd2 Kf4
66. Kd3 Kxg5 67. Kxd4 Kf4 68. Kd3 Kf3 0-1

[Event "Sparkassen-Open B"]
[Site "Heusenstamm, Martinsee"]
[Date "2022.11.17"]
[Round "1.49"]
[White "Lee, Kwan Ho Matthew"]
[Black "Wiencken, Marcus"]
[Result "1-0"]
[WhiteElo "1606"]
[BlackElo "1233"]
[PlyCount "67"]
[EventDate "2022.??.??"]
[WhiteTeam "SV Oberursel"]
[BlackTeam "Schachforum Darmstadt 1994"]

1. d4 d5 2. c4 dxc4 3. g3 Nf6 4. Bg2 e6 5. Nf3 Bd6 6. Qa4+ c6 7. Qxc4 O-O 8.
O-O Nbd7 9. Qc2 Nd5 10. Nc3 N7f6 11. e4 Nb4 12. Qb1 Be7 13. a3 Na6 14. Rd1 Bd7
15. d5 Qb6 16. Be3 c5 17. Ne5 Bc8 18. b4 Bd6 19. Nc4 Qc7 20. Nb5 Qb8 21. Ncxd6
Bd7 22. bxc5 e5 23. Rc1 Qd8 24. a4 b6 25. c6 Be8 26. Nc4 Nc7 27. d6 Nxb5 28.
axb5 Qc8 29. d7 Nxd7 30. cxd7 Bxd7 31. Nxe5 Qe8 32. Nxd7 Qxd7 33. e5 Rae8 34.
Bc6 1-0

[Event "Sparkassen-Open B"]
[Site "Heusenstamm, Martinsee"]
[Date "2022.11.17"]
[Round "1.50"]
[White "Ott, Christian"]
[Black "Gräßer, Malte"]
[Result "0-1"]
[WhiteElo "1223"]
[BlackElo "1605"]
[PlyCount "66"]
[EventDate "2022.??.??"]
[WhiteTeam "vereinslos"]
[BlackTeam "Sfr.Heidesheim"]

1. e4 e6 2. Nc3 d5 3. d4 Nf6 4. e5 Nfd7 5. Nf3 c5 6. Bb5 a6 7. Bxd7+ Bxd7 8.
O-O Nc6 9. Ne2 b5 10. c3 Qb6 11. a3 Be7 12. h4 cxd4 13. cxd4 b4 14. Qd3 bxa3
15. bxa3 Na5 16. Rb1 Bb5 17. Qe3 Qd8 18. Bd2 Nc4 19. Qf4 Nxa3 20. Rxb5 axb5 21.
Ng5 Bxg5 22. hxg5 h6 23. Qh4 Kd7 24. Qh5 g6 25. Qf3 hxg5 26. Qxf7+ Qe7 27. Qxg6
Rag8 28. Qd3 Qh7 29. Qxh7+ Rxh7 30. Ra1 Rgh8 31. Ng3 Nc2 32. Ra5 Nxd4 33. Kf1
Rh1+ 0-1